National Assembly Library of Thailand

คำอธิบายกฎหมายลักษณะเช่าทรัพย์ เช่าซื้อ (แก้ไขเพิ่มเติม ครั้งที่ 1) = (ระเบียนเลขที่ 107724)

รายละเอียดในรูปแบบ MARC
000 -LEADER
fixed length control field 02845nam a2200265 4500
003 - CONTROL NUMBER IDENTIFIER
control field NALT
005 - DATE AND TIME OF LATEST TRANSACTION
control field 20260206105437.0
008 - FIXED-LENGTH DATA ELEMENTS--GENERAL INFORMATION
fixed length control field 260203b th ||||| |||| 00| 0 tha d
020 ## - INTERNATIONAL STANDARD BOOK NUMBER
International Standard Book Number 9786166039696
040 ## - CATALOGING SOURCE
Original cataloging agency NALT
090 ## - LOCALLY ASSIGNED LC-TYPE CALL NUMBER (OCLC); LOCAL CALL NUMBER (RLIN)
Classification number (OCLC) (R) ; Classification number, CALL (RLIN) (NR) KS 39
Local cutter number (OCLC) ; Book number/undivided call number, CALL (RLIN) ศ491ห 2566
100 0# - MAIN ENTRY--PERSONAL NAME
Personal name ศิริศักดิ์ จึงถาวรรณ.
9 (RLIN) 67359
245 10 - TITLE STATEMENT
Title คำอธิบายกฎหมายลักษณะเช่าทรัพย์ เช่าซื้อ (แก้ไขเพิ่มเติม ครั้งที่ 1) =
Remainder of title Law of hire of property, hire purchase (First amendment) /
Statement of responsibility, etc. ศิริศักดิ์ จึงถาวรรณ.
250 ## - EDITION STATEMENT
Edition statement พิมพ์ครั้งที่ 1.
260 ## - PUBLICATION, DISTRIBUTION, ETC.
Place of publication, distribution, etc. ชลบุรี :
Name of publisher, distributor, etc. บางแสนการพิมพ์ฃ,
Date of publication, distribution, etc. 2566.
300 ## - PHYSICAL DESCRIPTION
Extent 378 หน้า :
Other physical details ตาราง ;
Dimensions 29 ซม.
505 2# - FORMATTED CONTENTS NOTE
Formatted contents note ่บทที่ 1 สัญญาเช่าทรัพย์ -- บทที่ 2 คำมั่นจให้เช่า -- บทที่ 3 หลักเกณฑ์การทำสัญญาเช่า -- บทที่ 4 สัญญาต่างตอบแทนพิเศษยิ่งกว่าสัญญาเช่าธรรมดา -- บทที่ 5 บุคคลหลายคนอ้างสิทธิตามสัญญาเช่าต่างรายในทรัพย์สินที่เช่าเดียวกัน -- บทที่ 6 หน้าที่และความรับผิดของผู้ให้เช่าและผู้เช่า -- บทที่ 7 ความระงับของสัญญาเช่า -- บทที่ 8 อายุความเกี่ยวกับสัญญาเช่า -- บทที่ 9 สัญญาเช่าซื้อ -- บทที่ 10 แบบของสัญญาเช่าซื้อ -- บทที่ 11 ผลของสัญญาเช่าซื้อ -- บทที่ 12 หน้าที่และความรับผิดของผู้ให้เช่าซื้อและผู้เช่าซื้อ -- บทที่ 13 ความระงับของสัญญาเช่าซื้อ -- บทที่ 14 อายุความเกี่ยวกับสัญญาเช่าซื้อ.
650 #4 - SUBJECT ADDED ENTRY--TOPICAL TERM
Topical term or geographic name entry element กฎหมายแพ่งและพาณิชย์
General subdivision เช่าทรัพย์
9 (RLIN) 29094
650 #4 - SUBJECT ADDED ENTRY--TOPICAL TERM
Topical term or geographic name entry element กฎหมายแพ่งและพาณิชย์
General subdivision เช่าซื้อ
9 (RLIN) 29095
942 ## - ADDED ENTRY ELEMENTS (KOHA)
Source of classification or shelving scheme Local Classification
Koha item type Law Book
996 ## - STAFF PROCESSING RECORDS (NALT)
Staff name jidapa.t
Staff type ACQSTF
Acquisition or Cataloging date 2026-02-03
996 ## - STAFF PROCESSING RECORDS (NALT)
Staff name varee.k
Staff type LIBSTF
Acquisition or Cataloging date 2026-02-04
996 ## - STAFF PROCESSING RECORDS (NALT)
Staff name saiphon.d
Staff type CATSTF
Acquisition or Cataloging date 2026-02-06
998 ## - STAFF NAME (NALT)
-- 104
-- นางสาวสายฝน ดีงาม
รายการที่มีในห้องสมุด
Withdrawn status Lost status Source of classification or shelving scheme Damaged status Not for loan Collection code Home library Current library Shelving location Date acquired Total Checkouts Full call number Barcode Date last seen Price effective from Koha item type
    Local Classification     Law Book collection National Assembly Library of Thailand National Assembly Library of Thailand Law Book shelves 04/02/2026   KS 39 ศ491ห 2566 3961216125 04/02/2026 04/02/2026 Law Book
หอสมุดรัฐสภา
สำนักงานเลขาธิการสภาผู้แทนราษฎร เลขที่ 1111 ถนนสามเสน แขวงถนนนครไชยศรี เขตดุสิต กรุงเทพฯ 10300
The Secretariat of the House of Representatives 1111 Samsen Road, Thanon Nakhon Chai Si, Dusit, Bangkok 10300, THAILAND
โทรศัพท์: +66(0) 2242 5900 ต่อ 5714-5 โทรสาร: +66(0) 2242 5990 อีเมล: [email protected]